Turismo Europa - Statistics

Estatísticas Gerais
  • Esse quiz foi jogado 246 vezes
  • A pontuação média é 15 de 18
Estatísticas das Respostas
Milhões Resposta % Correto
83,70 França
99%
64,94 Espanha
98%
9,28 Portugal
98%
33,00 Alemanha
97%
48,58 Itália
97%
32,61 Reino Unido
95%
29,85 Rússia
93%
22,03 Grécia
90%
10,52 Suécia
90%
13,93 Países Baixos
88%
16,00 Polônia
87%
10,27 Dinamarca
86%
25,29 Áustria
83%
11,62 Croácia
80%
12,14 Hungria
75%
12,70 Ucrânia
74%
39,81 Turquia
65%
10,62 República Checa
43%
Nenhum quiz correspondente encontrado
Distribuição das Pontuações
Porcentagem de Pessoas com Cada Pontuação
Percentil de Números Respondidos
Sua Pontuação Histórica
Você não jogou esse quiz